000 00394nam a22001697a 4500
003 OSt
008 230110b ||||| |||| 00| 0 eng d
020 _a9788131758090
082 _a658.872 EVS
100 _aEVANS,Liana LI
245 _aSocial Media Marketing
250 _aIMP 1st
260 _aUP
_bPearson
_c2011
300 _a342
650 _aSocial Media Marketing
942 _2ddc
_cREF
999 _c11682
_d11682